000
00257pam a2200133 a 4500
020
_c
041
_h
100
_a
Kishore Vanguri
245
_a
Environmental Laws of India - a guide
260
_c
1994
300
_a
32
653
_a
Law
930
_a
927
999
_c
246780
_d
246780